A study on conventional farming systems and its development- in the case of Southeast Asia Project report

Saved in:
Bibliographic Details
Format: Book
Language:Undetermined
Published: Japan Faculty of Bio- resources Mie University 1994
Subjects:
Tags: Add Tag
No Tags, Be the first to tag this record!
Institutions: Trung tâm Học liệu Trường Đại học Cần Thơ
LEADER 00657nam a2200193Ia 4500
001 CTU_123081
008 210402s9999 xx 000 0 und d
082 |a 630.68 
082 |b S933 
245 2 |a A study on conventional farming systems and its development- in the case of Southeast Asia 
245 0 |b Project report 
245 0 |c Editors: Kotaro Ohara, Vilas Salokhe 
260 |a Japan 
260 |b Faculty of Bio- resources Mie University 
260 |c 1994 
650 |a Agricultural systems,Agricultural implements 
650 |z Southeast Asia.,Southeast Asia. 
904 |i Huỳnh Mai 
980 |a Trung tâm Học liệu Trường Đại học Cần Thơ